| 000 | 00745nam a22001577a 4500 | ||
|---|---|---|---|
| 003 | OSt | ||
| 005 | 20151003092317.0 | ||
| 008 | 151003b xxu||||| |||| 00| 0 eng d | ||
| 040 | _cRUA | ||
| 082 | _aAVM HIN 1994 B068 Or.1 | ||
| 100 |
_91838 _aHIN, PECH. |
||
| 245 | _aEpidemiology of fesciolisis in fuffealos phum chong khum sanbo bathie district kompong cham province, ការសិក្សាអំពីការរាលដាលនៃជំងឺបង្កដោយព្រូន FASCIOLA ចំពោះក្របីនៅភូមិចុង ឃុំសំបូរ ស្រុកបាធាយ ខេត្តកំពង់ចាម | ||
| 260 |
_aPhnom Penh _bRUA _c1994 |
||
| 300 |
_a49p. _bill. _c29cm. |
||
| 942 |
_2ddc _cAVM |
||
| 999 |
_c1735 _d1735 |
||